NLSUI OPAC header image

Post-Keynesian economics : New foundations (Record no. 39714)

MARC details
000 -LEADER
fixed length control field 00883nam a2200217Ia 4500
003 - CONTROL NUMBER IDENTIFIER
control field OSt
005 - DATE AND TIME OF LATEST TRANSACTION
control field 20260428052431.0
008 - FIXED-LENGTH DATA ELEMENTS--GENERAL INFORMATION
fixed length control field 260428b |||||||| |||| 00| 0 eng d
020 ## - INTERNATIONAL STANDARD BOOK NUMBER
International Standard Book Number 9781783475285 (PBK.)
082 ## - DEWEY DECIMAL CLASSIFICATION NUMBER
Classification number 330.156 LAV
100 ## - MAIN ENTRY--PERSONAL NAME
Personal name Lavoie, Marc.
245 ## - TITLE STATEMENT
Title Post-Keynesian economics : New foundations
Remainder of title new foundations /
Statement of responsibility, etc. Marc Lavoie
260 ## - PUBLICATION, DISTRIBUTION, ETC.
Place of publication, distribution, etc. London:
Name of publisher, distributor, etc. Edward Elgar,
Date of publication, distribution, etc. 2014.
300 ## - PHYSICAL DESCRIPTION
Extent xvi,660 p.;
Dimensions 25 cm.
365 ## - TRADE PRICE
Price amount Rs. 4,641
505 ## - FORMATTED CONTENTS NOTE
Formatted contents note Contents: 1. Essentials of heterodox and post-Keynesian economics --<br/>2. Theory of choice --<br/>3. Theory of the firm --<br/>4. Credit, money and central banks --<br/>5. Effective demand and employment --<br/>6. Accumulation and capacity --<br/>7. Open-economy macroeconomics --<br/>8. Inflation theory --<br/>9. Concluding remarks.
650 ## - SUBJECT ADDED ENTRY--TOPICAL TERM
Topical term or geographic name entry element Economics
650 ## - SUBJECT ADDED ENTRY--TOPICAL TERM
Topical term or geographic name entry element Keynesian Theory
700 ## - ADDED ENTRY--PERSONAL NAME
Personal name
--
942 ## - ADDED ENTRY ELEMENTS (KOHA)
Source of classification or shelving scheme Dewey Decimal Classification
Koha item type BOOKs
Holdings
Withdrawn status Lost status Damaged status Not for loan Home library Current library Shelving location Date acquired Cost, normal purchase price Total Checkouts Full call number Barcode Date last seen Price effective from Koha item type
        . .   30.05.2017 4621.00   330.156 LAV 33553 30.05.2017 30.05.2017 BOOKs